El beso de la mujer araña / (Registro nro. 11200)

Detalles MARC
000 -LIDER
fixed length control field 00954nam a22002897a 4500
001 - NÚMERO DE CONTROL
Identificador de número de control 000437
003 - IDENTIFICACDOR DE NÚMERO DE CONTROL
control field DO-SdBPM
005 - DATE AND TIME OF LATEST TRANSACTION
control field 20250120091120.0
007 - CAMPOS FIJOS DE DESCRIPCIÓN FÍSICA
fixed length control field 000437
008 - ELEMENTOS DE LONGITUD FIJA
fixed length control field 160829b2001 sp ||| 00| 0 spa d
020 ## - ISBN
International Standard Book Number 8481302562
040 ## - FUENTE DE CATALOGACIÓN
Agencia que crea de manera original el registro DO-SdBPM
Idioma de catalogación spa
Agencia que realiza la transcripción BPMSU
082 #4 - NÚMERO DE CLASIFICACIÓN DECIMAL DE DEWEY
Classification number A863.6
Item number P979b 2001
Edition number 22
100 1# - ASIENTO PRINCIPAL -- NOMBRE PERSONAL
Nombre personal Puig, Manuel.
Fechas asociadas con el nombre 1932-1990.
245 10 - MENCIÓN DE TITULO
Título El beso de la mujer araña /
Mención de responsabilidad Manuel Puig ; prólogo de Pepe Martín.
260 ## - PUBLICACIÓN, DISTRIBUCIÓN, ETC. (PIE DE IMPRENTA)
Lugar de publicación, distribución, etc [Barcelona] :
Nombre del editor, distribuidor, etc. Bibliotex,
Fecha de publicación, distribución, etc 2001.
300 ## - DESCRIPCIÓN FÍSICA
Extensión 253 p. ;
Dimensiones 21 cm.
490 0# - MENCIÓN DE SERIES
Mención de serie Millenium., Las mejores novelas en castellano del siglo XX ;
-- Biblioteca El mundo,
Volume/sequential designation 15
500 ## - NOTA GENERAL
Materiales especificados Incluye datos biográficos del autor en la solapa del protector
590 ## - NOTA LOCAL
Texto de la nota local Inventariado, 2025/VM
650 #4 - ENCABEZAMIENTO DE MATERIA--TEMÁTICO
Término temático o nombre geográfico como elemento de entrada Novela argentina
650 #4 - ENCABEZAMIENTO DE MATERIA--TEMÁTICO
Término temático o nombre geográfico como elemento de entrada Homosexualidad
Subdivisión de forma Novela.
700 1# - ASIENTO SECUNDARIO -- NOMBRE PERSONAL
Nombre personal Martín, Pepe,
Mención de responsabilidad prólogo
830 #0 - ASIENTO SECUNDARIO DE SERIE--TÍTULO UNIFORME
Título uniforme Biblioteca El mundo
910 ## - VALIDACIÓN
Validación VMateo V. Control de calidad. BPMSU
942 ## - ADDED ENTRY ELEMENTS (KOHA)
Source of classification or shelving scheme Dewey Decimal Classification
Koha item type Libros
Existencias
Withdrawn status Lost status Source of classification or shelving scheme Damaged status Not for loan Collection code Home library Current library Date acquired Source of acquisition Total Checkouts Full call number Barcode Date last seen Price effective from Koha item type
    Dewey Decimal Classification     Colección General Biblioteca Pública Metropolitana Salomé Ureña Biblioteca Pública Metropolitana Salomé Ureña 08/29/2016 FUNDI   BPMSU CG A863.6 P979b 2001 BPMSU16080245 08/29/2016 08/29/2016 Libros